书目信息 |
| 题名: |
现代制造系统
|
|
| 作者: | 周根然 , 张明宝 , 庄品 编著 | |
| 分册: | ||
| 出版信息: | 北京 科学出版社 2005.8 |
|
| 页数: | 335页 | |
| 开本: | 24cm | |
| 丛书名: | 21世纪高等院校教材 | |
| 单 册: | ||
| 中图分类: | TH16-43 | |
| 科图分类: | ||
| 主题词: | 机械制造工艺--ji xie zhi zao gong yi--高等学校--教材 | |
| 电子资源: | ||
| ISBN: | 7-03-016168-8 | |
| 000 | 01014nam0 2200277 45 | |
| 001 | 012005000794 | |
| 005 | 20061113153118.54 | |
| 010 | @a7-03-016168-8@dCNY28.00 | |
| 100 | @a20050917d2005 em y0chiy0121 ea | |
| 101 | 0 | @achi |
| 102 | @aCN@b110000 | |
| 105 | @aa a 000yy | |
| 200 | 1 | @a现代制造系统@Axian dai zhi zao xi tong@f庄品, 周根然, 张明宝编著 |
| 210 | @a北京@c科学出版社@d2005.8 | |
| 215 | @a335页@c图@d24cm | |
| 225 | 2 | @a21世纪高等院校教材@A21 shi ji gao deng yuan xiao jiao cai@i工业工程系列 |
| 320 | @a有书目 | |
| 330 | @a本书系统地介绍了现代制造系统的基本知识、应用技术和研究方法, 内容包括: 制造系统的基本原理、成组技术、先进制造工艺技术、制造自动化系统等。 | |
| 410 | 0 | @12001 @a21世纪高等院校教材@i工业工程系列 |
| 606 | 0 | @a机械制造工艺@Aji xie zhi zao gong yi@x高等学校@j教材 |
| 690 | @aTH16-43@v4 | |
| 701 | 0 | @a周根然@Azhou gen ran@4编著 |
| 701 | 0 | @a张明宝@Azhang ming bao@4编著 |
| 701 | 0 | @a庄品@Azhuang pin@4编著 |
| 801 | 0 | @aCN@c20061113 |
| 905 | @a10447@dTH16-43@eZ929 | |
| 现代制造系统/庄品, 周根然, 张明宝编著.-北京:科学出版社,2005.8 |
| 335页:图;24cm.-(21世纪高等院校教材.工业工程系列) |
| ISBN 7-03-016168-8:CNY28.00 |
| 本书系统地介绍了现代制造系统的基本知识、应用技术和研究方法, 内容包括: 制造系统的基本原理、成组技术、先进制造工艺技术、制造自动化系统等。 |
| ● |
| 相关链接 |
|
|
|
正题名:现代制造系统
索取号:TH16-43/Z929
 
预约/预借
| 序号 | 登录号 | 条形码 | 馆藏地/架位号 | 状态 | 备注 |
| 1 | 638642 | 206386427 | 自科库501/501自科库 38排3列3层/ [索取号:TH16-43/Z929] | 在馆 | |
| 2 | 638643 | 206386436 | 期刊室512/501自科库 38排3列4层/ [索取号:TH16-43/Z929] | 在馆 | |
| 3 | 638644 | 206386445 | 自科库501/501自科库 38排3列3层/ [索取号:TH16-43/Z929] | 在馆 |